| 000 | 00430nam a2200181Ia 4500 | ||
|---|---|---|---|
| 008 | 180207s9999 xx 000 0 und d | ||
| 020 | _a9780340580493 | ||
| 050 | _bI568 1992 | ||
| 100 | _aInkpen, Mick | ||
| 245 | _aKipper's toybox / | ||
| 245 | _cMick Inkpen. | ||
| 260 | _aLondon : | ||
| 260 | _bHodder Children's Books, | ||
| 260 | _c1992 | ||
| 300 | _aunpaged : | ||
| 300 | _bcolor illustration ; | ||
| 300 | _c23cm. | ||
| 999 |
_c355351 _d355351 |
||